Modern geometry - methods and applications : (Record no. 29189)

000 -LEADER
fixed length control field 00805 a2200229 4500
020 ## - INTERNATIONAL STANDARD BOOK NUMBER
International Standard Book Number 0387972714
020 ## - INTERNATIONAL STANDARD BOOK NUMBER
International Standard Book Number 9780387972718
082 04 - DEWEY DECIMAL CLASSIFICATION NUMBER
Classification number 516
090 ## - LOCALLY ASSIGNED LC-TYPE CALL NUMBER (OCLC); LOCAL CALL NUMBER (RLIN)
-- 559
-- 559
100 1# - MAIN ENTRY--PERSONAL NAME
Personal name Dubrovin, B.A.
245 10 - TITLE STATEMENT
Title Modern geometry - methods and applications :
Remainder of title part 3 :
-- introduction to homology theory /
Statement of responsibility, etc. B.A. Dubrovin, A.T. Fomenko, S.P. Novikov, Robert G. Burns.
250 ## - EDITION STATEMENT
Edition statement 1st ed.
260 ## - PUBLICATION, DISTRIBUTION, ETC.
Place of publication, distribution, etc. [S.l.] :
Name of publisher, distributor, etc. Springer,
Date of publication, distribution, etc. 1990.
300 ## - PHYSICAL DESCRIPTION
Extent 416 p. ;
Dimensions 24 cm.
490 1# - SERIES STATEMENT
Series statement Graduate texts in mathematics.
700 1# - ADDED ENTRY--PERSONAL NAME
Personal name Fomenko, A.T.
700 1# - ADDED ENTRY--PERSONAL NAME
Personal name Novikov, S.P.
700 1# - ADDED ENTRY--PERSONAL NAME
Personal name Burns, Robert G.
830 #0 - SERIES ADDED ENTRY--UNIFORM TITLE
Uniform title Graduate texts in mathematics.
942 ## - ADDED ENTRY ELEMENTS (KOHA)
Institution code [OBSOLETE] SNS
Koha item type Book
Call number prefix 516 DUB
Holdings
Withdrawn status Lost status Damaged status Not for loan Permanent Location Current Location Date acquired Total Checkouts Full call number Barcode Date last seen Price effective from Koha item type
        School of Natural Sciences (SNS) School of Natural Sciences (SNS) 05/26/2016   516 DUB SNS0000704 05/26/2016 05/26/2016 Book
© 2023 Central Library, National University of Sciences and Technology. All Rights Reserved.